[Event "Open"]
[Site "Ischia ITA"]
[Date "1994.??.??"]
[Round "?"]
[White "Jurek, Josef"]
[Black "Accardo, Francesco"]
[Result "1-0"]
[WhiteElo "2280"]
[BlackElo "1751"]
[PlyCount "135"]
[EventDate "1994.??.??"]

1. Nf3 b5 2. g3 Bb7 3. Bg2 c5 4. O-O e6 5. d3 Nf6 6. Nbd2 Qc7 7. e4 Nc6 8. Re1
e5 9. Nf1 Be7 10. Nh4 g6 11. f4 Nh5 12. Nf5 Bf6 13. N1e3 Nxf4 14. gxf4 gxf5 15.
Nd5 Qd6 16. Qh5 O-O-O 17. Qxf5 Bh4 18. fxe5 Qxe5 19. Qxe5 Nxe5 20. Bf4 d6 21.
Re3 Rdg8 22. Kh1 Bxd5 23. exd5 Ng4 24. Rf3 Kc7 25. Raf1 Re8 26. h3 h5 27. Kg1
Ne5 28. Bxe5 Rxe5 29. Rxf7+ Kb6 30. Be4 Rg8+ 31. Kh1 Rg3 32. R1f3 Reg5 33. Rxg3
Bxg3 34. c4 bxc4 35. dxc4 Be5 36. b3 Rg3 37. Bf5 a5 38. Rh7 Re3 39. Bc8 Re1+
40. Kg2 Re2+ 41. Kf3 Rxa2 42. Rb7+ Ka6 43. Ke4 h4 44. Rh7+ Kb6 45. Kf5 Bg3 46.
Rb7+ Ka6 47. Ke6 Rf2 48. Rb5+ Ka7 49. Kd7 Rf7+ 50. Kc6 Re7 51. Bd7 Bf4 52.
Rxa5+ Kb8 53. Rb5+ Ka7 54. Kc7 Bd2 55. Kxd6 Rg7 56. Kc6 Bb4 57. Be6 Re7 58. Bc8
Rg7 59. d6 Rg6 60. Kc7 Rg7+ 61. d7 Bd2 62. Rb7+ Ka8 63. Kc6 Rg6+ 64. Kxc5 Be3+
65. Kd5 Bg5 66. b4 Be7 67. Rb5 Bd8 68. c5 1-0

[Event "Open"]
[Site "Ischia ITA"]
[Date "1994.??.??"]
[Round "?"]
[White "Jurek, Josef"]
[Black "Maiwald, Jens-Uwe"]
[Result "1/2-1/2"]
[WhiteElo "2280"]
[BlackElo "2490"]
[PlyCount "56"]
[EventDate "1994.??.??"]

1. Nf3 g6 2. d4 Nf6 3. c4 Bg7 4. g3 O-O 5. Bg2 d6 6. Nc3 Nc6 7. O-O a6 8. d5
Na5 9. Nd2 c5 10. Qc2 Rb8 11. b3 b5 12. Bb2 bxc4 13. bxc4 Bh6 14. Ncb1 e5 15.
Bc3 Bd7 16. Na3 Rb4 17. Bxb4 cxb4 18. Nab1 Qc7 19. e3 Rc8 20. Rc1 Qb6 21. Qd3
Bg7 22. Nb3 e4 23. Qd4 Nxd5 24. Qxd5 Nxb3 25. axb3 Bxa1 26. Nd2 Be5 27. Nxe4
Be6 28. Qd2 Bf5 1/2-1/2

[Event "Open"]
[Site "Ischia ITA"]
[Date "1994.??.??"]
[Round "?"]
[White "Kozak, Milos"]
[Black "Buiano, Fabio"]
[Result "1-0"]
[WhiteElo "2270"]
[BlackElo "1851"]
[PlyCount "63"]
[EventDate "1994.??.??"]

1. Nf3 d6 2. d4 Nf6 3. Bf4 g6 4. h3 Bg7 5. e3 O-O 6. Be2 c5 7. c3 b6 8. O-O Bb7
9. a4 Nc6 10. Nbd2 Nh5 11. Bh2 Rc8 12. Nc4 cxd4 13. exd4 Nf6 14. Nfd2 d5 15.
Ne5 Nxe5 16. Bxe5 Ne4 17. Bxg7 Kxg7 18. Nxe4 dxe4 19. a5 e6 20. Qb3 Qg5 21.
axb6 e3 22. f3 axb6 23. c4 Rb8 24. Ra3 Rfd8 25. Rd1 e5 26. d5 Bc8 27. Qxe3 Qg3
28. Qf2 Qg5 29. Kh2 h5 30. Qg3 Qe7 31. Re3 h4 32. Qxe5+ 1-0

[Event "Open"]
[Site "Ischia ITA"]
[Date "1994.??.??"]
[Round "?"]
[White "Kozak, Milos"]
[Black "Gabriel, Christian"]
[Result "1/2-1/2"]
[WhiteElo "2270"]
[BlackElo "2530"]
[PlyCount "43"]
[EventDate "1994.??.??"]

1. Nf3 d5 2. d4 c6 3. c4 Nf6 4. cxd5 cxd5 5. Nc3 a6 6. Bf4 Nc6 7. Ne5 Qb6 8.
Nxc6 bxc6 9. a3 e6 10. Na4 Qb7 11. e3 Be7 12. Rc1 O-O 13. Bd3 Bd7 14. O-O a5
15. Rc3 g6 16. h3 Rac8 17. Qe2 Qa7 18. Rfc1 Nh5 19. Bh2 f5 20. Be5 f4 21. Qc2
Rf7 22. e4 1/2-1/2

[Event "Open"]
[Site "Ischia ITA"]
[Date "1994.??.??"]
[Round "?"]
[White "La Gatta, Giovanni"]
[Black "Ficco, Corrado"]
[Result "1/2-1/2"]
[WhiteElo "2037"]
[BlackElo "2185"]
[PlyCount "61"]
[EventDate "1994.??.??"]

1. d4 Nf6 2. c4 g6 3. f3 d6 4. e4 Bg7 5. Nc3 c6 6. Bg5 a6 7. Qd2 b5 8. Rc1 Nbd7
9. b3 Bb7 10. Nh3 O-O 11. Nf2 Re8 12. h4 h5 13. g4 bxc4 14. bxc4 Qa5 15. Be2 e5
16. d5 cxd5 17. cxd5 Rac8 18. O-O Rc7 19. Na4 Qxd2 20. Bxd2 Rec8 21. Rxc7 Rxc7
22. Rc1 Ne8 23. Rxc7 Nxc7 24. Bb4 Bf8 25. Nc3 Kg7 26. Nfd1 hxg4 27. fxg4 f5 28.
exf5 gxf5 29. Ne3 fxg4 30. Bxg4 Nf6 31. Bf3 1/2-1/2

[Event "Open"]
[Site "Ischia ITA"]
[Date "1994.??.??"]
[Round "?"]
[White "La Gatta, Giovanni"]
[Black "Galdunts, Sergey"]
[Result "0-1"]
[WhiteElo "2037"]
[BlackElo "2420"]
[PlyCount "52"]
[EventDate "1994.??.??"]

1. d4 f5 2. Nf3 Nf6 3. g3 g6 4. Bg2 Bg7 5. O-O O-O 6. c4 d6 7. Nc3 Qe8 8. d5
Na6 9. Nd4 Bd7 10. e3 c6 11. b3 Nc7 12. Bb2 Rb8 13. Qd2 c5 14. Nde2 a6 15. a4
b5 16. axb5 axb5 17. Ra7 Qc8 18. Rfa1 bxc4 19. bxc4 Ng4 20. Nb5 Nxb5 21. Bxg7
Nxa7 22. Bxf8 Qxf8 23. Rxa7 Rb1+ 24. Nc1 Ne5 25. Qc2 Qb8 26. Ra2 Qb4 0-1

[Event "Open"]
[Site "Ischia ITA"]
[Date "1994.??.??"]
[Round "?"]
[White "La Gatta, Giovanni"]
[Black "Sadlikova, Vera"]
[Result "1-0"]
[WhiteElo "2037"]
[BlackElo "2120"]
[PlyCount "79"]
[EventDate "1994.??.??"]

1. d4 Nf6 2. c4 c5 3. d5 b5 4. cxb5 a6 5. e3 axb5 6. Bxb5 g6 7. Nc3 Bg7 8. Nge2
O-O 9. O-O d6 10. e4 Ba6 11. f3 Qa5 12. a4 Bxb5 13. Nxb5 Na6 14. Bd2 Qb6 15.
Bc3 Nd7 16. Kh1 Ne5 17. b3 Rfb8 18. Rc1 Rb7 19. h3 Nc7 20. Nxc7 Rxc7 21. f4 Nd7
22. Bxg7 Kxg7 23. Nc3 Rb7 24. Nb5 Rc8 25. Qe2 Nf6 26. Rc3 e6 27. dxe6 fxe6 28.
e5 Nd5 29. Rcf3 Rf8 30. Nxd6 Rbb8 31. g4 Qc6 32. Kh2 Ne7 33. Qc4 Nd5 34. f5 Rb4
35. Qc1 exf5 36. gxf5 Rh4 37. Qg5 Rh5 38. Qg4 Rh6 39. f6+ Kh8 40. Qe6 1-0

[Event "Open"]
[Site "Ischia ITA"]
[Date "1994.??.??"]
[Round "?"]
[White "La Gatta, Giovanni"]
[Black "Nagrocka, Ewa"]
[Result "0-1"]
[WhiteElo "2037"]
[BlackElo "2140"]
[PlyCount "72"]
[EventDate "1994.??.??"]

1. d4 b6 2. c4 e6 3. Nc3 Bb4 4. e4 Bb7 5. f3 Nh6 6. Nge2 f5 7. a3 Bxc3+ 8. Nxc3
O-O 9. Bd3 Qh4+ 10. g3 Qh3 11. Qe2 Nc6 12. Be3 fxe4 13. fxe4 Ng4 14. O-O-O Nxe3
15. Qxe3 Rf7 16. e5 Raf8 17. d5 Ne7 18. Be4 Nf5 19. Qg5 Ba6 20. b3 Qh6 21. Qxh6
Nxh6 22. Ne2 Ng4 23. Nf4 Nf2 24. Rhe1 Nxd1 25. Rxd1 Bc8 26. h4 g6 27. Kd2 Kg7
28. Ke2 Re7 29. Rd2 d6 30. exd6 cxd6 31. dxe6 Bxe6 32. Kf3 Rf6 33. Rd4 h6 34.
Kg2 Bf7 35. Ne2 d5 36. cxd5 Rxe4 0-1

[Event "Open"]
[Site "Ischia ITA"]
[Date "1994.??.??"]
[Round "?"]
[White "Maiwald, Jens-Uwe"]
[Black "Baccaro, Franco"]
[Result "1-0"]
[WhiteElo "2490"]
[BlackElo "1914"]
[PlyCount "69"]
[EventDate "1994.??.??"]

1. d4 d5 2. c4 c6 3. Nf3 Nf6 4. e3 g6 5. Nc3 Bf5 6. Be2 Bg7 7. O-O O-O 8. b3
Nbd7 9. Bb2 Qb6 10. Nh4 Be6 11. c5 Qc7 12. f4 b6 13. cxb6 Nxb6 14. Ba3 Rfe8 15.
Qc2 Bd7 16. g4 Nxg4 17. Qd2 Nh6 18. Rac1 Qd8 19. Nf3 f6 20. Kh1 Bf5 21. Nd1 Qd7
22. Nf2 Ng4 23. Bd3 Nxf2+ 24. Rxf2 Bh3 25. Qc2 Rac8 26. Rg1 Bg4 27. f5 gxf5 28.
Nh4 e6 29. Rxg4 fxg4 30. Bxh7+ Kh8 31. Ng6+ Kxh7 32. Nf8+ Kg8 33. Qh7+ Kf7 34.
Rxf6+ Kxf6 35. Qg6# 1-0

[Event "Open"]
[Site "Ischia ITA"]
[Date "1994.??.??"]
[Round "?"]
[White "Maiwald, Jens-Uwe"]
[Black "Nagrocka, Ewa"]
[Result "1-0"]
[WhiteElo "2490"]
[BlackElo "2140"]
[PlyCount "63"]
[EventDate "1994.??.??"]

1. d4 e6 2. g3 f5 3. Bg2 Nf6 4. Nf3 Be7 5. O-O O-O 6. c4 d6 7. Nc3 Bd7 8. b3
Ne4 9. Bb2 Be8 10. Nd2 Nxc3 11. Bxc3 c6 12. e4 Nd7 13. Qe2 Bf7 14. f4 Re8 15.
g4 c5 16. gxf5 exf5 17. exf5 Bf6 18. Qf2 Bh4 19. Qf3 d5 20. dxc5 Nxc5 21. cxd5
b5 22. Bd4 Nd7 23. Qd3 Nb6 24. Nf3 Nxd5 25. Nxh4 Qxh4 26. Qg3 Qh6 27. Be5 Rac8
28. Rad1 Nf6 29. Rd6 Kf8 30. Rxf6 gxf6 31. Bd6+ Re7 32. Re1 1-0

[Event "Open"]
[Site "Ischia ITA"]
[Date "1994.??.??"]
[Round "?"]
[White "Maiwald, Jens-Uwe"]
[Black "Tan, Chengxuan"]
[WhiteElo "2490"]
[BlackElo "2365"]
[Result "1/2-1/2"]
[PlyCount "76"]
[EventDate "1994.??.??"]

1. d4 Nf6 2. Nf3 d5 3. c4 c6 4. e3 Bg4 5. Qb3 Qb6 6. Ne5 Qxb3 7. axb3 Bf5 8.
cxd5 Nxd5 9. Na3 e6 10. f3 f6 11. Nd3 Nb4 12. e4 Nxd3+ 13. Bxd3 Bg6 14. Ke2 Bd6
15. Bd2 Nd7 16. Nc4 Bc7 17. Bb4 a6 18. h4 Bf7 19. Bd6 O-O-O 20. e5 Bg6 21. Be4
Nb6 22. Bxc7 Kxc7 23. Nd6 Bxe4 24. fxe4 Rhf8 25. b4 fxe5 26. dxe5 Nc8 27. Nxc8
Kxc8 28. Ke3 Kc7 29. Rhd1 Rd7 30. Rxd7+ Kxd7 31. Rd1+ Ke7 32. h5 Rc8 33. Rc1
Rg8 34. Rh1 Rf8 35. g4 Rf7 36. Rd1 Rf8 37. Rh1 Kd7 38. Rd1+ Ke7 1/2-1/2

[Event "Open"]
[Site "Ischia ITA"]
[Date "1994.??.??"]
[Round "?"]
[White "Manouck, Thierry"]
[Black "Bezold, Michael"]
[Result "0-1"]
[WhiteElo "2290"]
[BlackElo "2515"]
[PlyCount "72"]
[EventDate "1994.??.??"]

1. c4 Nf6 2. g3 g6 3. Bg2 Bg7 4. Nc3 O-O 5. d3 c5 6. Rb1 Nc6 7. a3 a5 8. Nf3 d6
9. O-O Rb8 10. Ne1 Ne8 11. Bd2 Bd7 12. Nc2 Nc7 13. b4 axb4 14. axb4 b6 15. Qc1
Nd4 16. Nxd4 cxd4 17. Ne4 f5 18. Ng5 h6 19. Nf3 Kh7 20. e3 dxe3 21. Bxe3 e5 22.
Ne1 d5 23. b5 d4 24. Bd2 Ne6 25. Bb4 Re8 26. f4 e4 27. dxe4 fxe4 28. Bxe4 Nc5
29. Bxc5 Rxe4 30. Bd6 Bh3 31. Bxb8 d3 32. Nxd3 Qxd3 33. Be5 Bf8 34. Ra1 Bc5+
35. Kh1 Bg2+ 36. Kxg2 Re2+ 0-1

[Event "Open"]
[Site "Ischia ITA"]
[Date "1994.??.??"]
[Round "?"]
[White "Manouck, Thierry"]
[Black "Vujovic, Predrag"]
[Result "1-0"]
[WhiteElo "2290"]
[BlackElo "2225"]
[PlyCount "21"]
[EventDate "1994.??.??"]

1. c4 e5 2. g3 Nc6 3. Bg2 d6 4. Nc3 Be6 5. d3 Qd7 6. b4 g6 7. b5 Nd8 8. Rb1 Bg7
9. Nf3 a6 10. e4 f5 11. h4 1-0

[Event "Open"]
[Site "Ischia ITA"]
[Date "1994.??.??"]
[Round "?"]
[White "Meduna, Eduard"]
[Black "Maiwald, Jens-Uwe"]
[WhiteElo "2450"]
[BlackElo "2490"]
[Result "0-1"]
[PlyCount "92"]
[EventDate "1994.??.??"]

1. d4 d6 2. Nf3 Bg4 3. Nbd2 Nf6 4. e4 e6 5. Bd3 d5 6. c3 c6 7. O-O Be7 8. Re1
Bh5 9. Qc2 dxe4 10. Nxe4 Bxf3 11. Nxf6+ Bxf6 12. gxf3 g6 13. Bf4 O-O 14. Rad1
Nd7 15. Kh1 Bg5 16. Qd2 Bxf4 17. Qxf4 a5 18. Qd6 Nf6 19. Qxd8 Rfxd8 20. a4 Kg7
21. Bc4 Rd6 22. Rb1 Nd5 23. Bxd5 cxd5 24. Kg2 Rb6 25. Re2 Rc8 26. Ra1 Rb3 27.
h4 Rc4 28. Kg3 b5 29. axb5 Rxb5 30. Ra2 a4 31. Rc2 Kf6 32. Re2 Rb3 33. Re3 a3
34. bxa3 Ra4 35. Ra1 Raxa3 36. Rc1 Ra4 37. Re2 Rc4 38. Re3 Ra3 39. Rc2 Ra1 40.
Kg2 Rca4 41. Ree2 Kf5 42. Re5+ Kf4 43. c4 Rd1 44. cxd5 exd5 45. Rg5 f5 46. Rc7
h5 0-1

[Event "Open"]
[Site "Ischia ITA"]
[Date "1994.??.??"]
[Round "?"]
[White "Sadlikova, Vera"]
[Black "Auletta, Angelo"]
[Result "1/2-1/2"]
[WhiteElo "2120"]
[BlackElo "2210"]
[PlyCount "58"]
[EventDate "1994.??.??"]

1. e4 d6 2. d4 Nf6 3. Nc3 g6 4. h3 Bg7 5. Nf3 O-O 6. Be2 c6 7. O-O b5 8. Bd3 b4
9. Ne2 Nbd7 10. Be3 e5 11. dxe5 dxe5 12. c3 a5 13. a3 bxa3 14. Rxa3 Re8 15. Qc2
Bf8 16. b4 c5 17. Rxa5 Rxa5 18. bxa5 Qxa5 19. Rb1 Ba6 20. Bxa6 Qxa6 21. c4 Rb8
22. Nd2 Rb4 23. Nc1 Qb7 24. Rb3 Ne8 25. Nd3 Rxb3 26. Qxb3 Qxb3 27. Nxb3 Nd6 28.
Nbxc5 Nxc5 29. Nxc5 Nxc4 1/2-1/2

[Event "Open"]
[Site "Ischia ITA"]
[Date "1994.??.??"]
[Round "?"]
[White "Sadlikova, Vera"]
[Black "Delizia, Costantino"]
[Result "1-0"]
[WhiteElo "2120"]
[BlackElo "2007"]
[PlyCount "77"]
[EventDate "1994.??.??"]

1. e4 e6 2. d4 d5 3. Nc3 Bb4 4. Nge2 dxe4 5. a3 Be7 6. Nxe4 Nc6 7. Qd3 Nf6 8.
h4 O-O 9. Bg5 e5 10. Bxf6 Bxf6 11. d5 Nd4 12. O-O-O c5 13. dxc6 Nxc6 14. Qf3
Qe7 15. N2c3 Be6 16. Bd3 Nd4 17. Nxf6+ Qxf6 18. Qxf6 gxf6 19. Rhe1 Rfd8 20. Rd2
Rac8 21. f4 exf4 22. Rf2 Bc4 23. Bxc4 Rxc4 24. Re4 Rc6 25. Rexf4 f5 26. Kb1
Rcd6 27. h5 Kg7 28. g4 f6 29. gxf5 Kh6 30. Ne4 Rc6 31. Rd2 Ne6 32. fxe6 Rxd2
33. Nxd2 Rxe6 34. Rf5 Re1+ 35. Ka2 Kg7 36. c4 Re5 37. Rxe5 fxe5 38. b4 Kf6 39.
c5 1-0

[Event "Open"]
[Site "Ischia ITA"]
[Date "1994.??.??"]
[Round "?"]
[White "Sadlikova, Vera"]
[Black "Manouck, Thierry"]
[Result "0-1"]
[WhiteElo "2120"]
[BlackElo "2290"]
[PlyCount "112"]
[EventDate "1994.??.??"]

1. e4 d6 2. d4 Nf6 3. Bd3 Nc6 4. c3 e5 5. d5 Ne7 6. Bg5 c6 7. c4 Ng6 8. h3 Be7
9. Ne2 Nxd5 10. Bd2 Ndf4 11. Nxf4 Nxf4 12. Bf1 Ne6 13. Nc3 O-O 14. Be3 Bg5 15.
Qd2 Bxe3 16. Qxe3 Qb6 17. O-O-O Nd4 18. Bd3 Be6 19. Ne2 Qc5 20. Kb1 a5 21. Nxd4
Qxd4 22. Rhe1 Rfd8 23. Bf1 Qxe3 24. Rxe3 Rd7 25. Kc2 Kf8 26. Rd2 Ke7 27. Kc3
Rc8 28. Be2 b5 29. b3 bxc4 30. bxc4 Rb8 31. Rb2 Rdb7 32. Rxb7+ Rxb7 33. Bd3 Kd7
34. a3 Kc7 35. Re2 Bc8 36. c5 dxc5 37. Rd2 Be6 38. Bc2 Rb8 39. h4 h6 40. Rd1 g6
41. Re1 Rd8 42. Re3 Rd4 43. Rf3 h5 44. Re3 Kd6 45. g3 f5 46. f3 a4 47. Bd3 fxe4
48. fxe4 Bb3 49. Be2 c4 50. Kb4 Rd2 51. Kc3 Rc2+ 52. Kb4 Rc1 53. Rf3 Ke7 54.
Kc5 c3 55. Bd3 c2 56. Kxc6 Rd1 0-1

[Event "Open"]
[Site "Ischia ITA"]
[Date "1994.??.??"]
[Round "?"]
[White "Mikhalchishin, Adrian B."]
[Black "Bezold, Michael"]
[Result "1/2-1/2"]
[WhiteElo "2530"]
[BlackElo "2515"]
[PlyCount "58"]
[EventDate "1994.??.??"]

1. Nf3 d6 2. d4 Bg4 3. c4 Nd7 4. e4 e5 5. Be2 Be7 6. Nc3 Bxf3 7. Bxf3 Bg5 8.
Bxg5 Qxg5 9. h4 Qd8 10. Qd2 exd4 11. Qxd4 Qf6 12. Qe3 Ne7 13. O-O-O O-O 14. Be2
Nc5 15. f4 Rfe8 16. Bf3 c6 17. g3 Rad8 18. Rhe1 Nc8 19. h5 Nb6 20. b3 a5 21. e5
Qe7 22. h6 dxe5 23. hxg7 a4 24. Kc2 axb3+ 25. axb3 Rxd1 26. Rxd1 exf4 27. Qxf4
Qe5 28. Rd8 Qe7 29. Rxe8+ Qxe8 1/2-1/2

[Event "Open"]
[Site "Ischia ITA"]
[Date "1994.??.??"]
[Round "?"]
[White "Mikhalchishin, Adrian B."]
[Black "Ficco, Corrado"]
[Result "1-0"]
[WhiteElo "2530"]
[BlackElo "2185"]
[PlyCount "61"]
[EventDate "1994.??.??"]

1. Nf3 d5 2. d4 Nf6 3. c4 e6 4. Bg5 Be7 5. Nc3 Nbd7 6. e3 O-O 7. Qc2 h6 8. Bh4
c5 9. Rd1 cxd4 10. exd4 b6 11. Be2 Bb7 12. O-O dxc4 13. Bxc4 Rc8 14. Qe2 Bxf3
15. gxf3 Nh5 16. Bg3 Nxg3 17. hxg3 Nf6 18. Bb3 Nd5 19. Bxd5 exd5 20. Qb5 Re8
21. Nxd5 Bd6 22. Rfe1 Rxe1+ 23. Rxe1 Bf8 24. Kg2 h5 25. Re4 f5 26. Re5 h4 27.
Qb3 Kh8 28. Rxf5 g6 29. Rf7 hxg3 30. Nf6 Bg7 31. Qe3 1-0

[Event "Open"]
[Site "Ischia ITA"]
[Date "1994.??.??"]
[Round "?"]
[White "Mikhalchishin, Adrian B."]
[Black "Nagrocka, Ewa"]
[Result "1-0"]
[WhiteElo "2530"]
[BlackElo "2140"]
[PlyCount "71"]
[EventDate "1994.??.??"]

1. d4 b6 2. c4 e6 3. Nf3 Bb7 4. g3 Bxf3 5. exf3 c6 6. Nc3 g6 7. d5 Bg7 8. Bg2
Ne7 9. O-O O-O 10. f4 Nf5 11. Be3 exd5 12. cxd5 c5 13. Bh3 d6 14. Bxf5 gxf5 15.
Qd3 Qf6 16. Rae1 a6 17. Bc1 Nd7 18. Nd1 Rae8 19. Qxa6 Qd4 20. Ne3 Rxe3 21. Rxe3
Qxd5 22. Qb5 Nf6 23. Rd3 Qxa2 24. Rxd6 Ne4 25. Rxb6 Bd4 26. Kg2 Qd5 27. f3 Nd6
28. Qa4 Re8 29. Qc2 Nc4 30. Ra6 Bxb2 31. Ra4 Bxc1 32. Qxc4 Qd2+ 33. Rf2 Qd1 34.
Ra7 Re6 35. Ra8+ Kg7 36. Qxc5 1-0

[Event "Open"]
[Site "Ischia ITA"]
[Date "1994.??.??"]
[Round "?"]
[White "Murgia, Andrea"]
[Black "Ciampi, Vincenzo"]
[Result "0-1"]
[WhiteElo "2230"]
[BlackElo "2180"]
[PlyCount "20"]
[EventDate "1994.??.??"]

1. e4 e6 2. d4 d5 3. e5 c5 4. c3 Nc6 5. Nf3 Bd7 6. a3 c4 7. g3 f6 8. Nh4 Qb6 9.
Qh5+ Kd8 10. Ng6 Be8 0-1

[Event "Open"]
[Site "Ischia ITA"]
[Date "1994.??.??"]
[Round "?"]
[White "Murgia, Andrea"]
[Black "Mikhalchishin, Adrian B."]
[Result "0-1"]
[WhiteElo "2230"]
[BlackElo "2530"]
[PlyCount "68"]
[EventDate "1994.??.??"]

1. e4 e5 2. Nf3 Nc6 3. d3 Nf6 4. Be2 d5 5. Nbd2 Be7 6. c3 a5 7. a4 O-O 8. O-O
Re8 9. Qc2 Bf8 10. Re1 b6 11. Nf1 Bb7 12. Ng3 h6 13. Bf1 Qd7 14. h3 Rad8 15.
Bd2 g6 16. Rad1 Bg7 17. Bc1 Qc8 18. Qb3 d4 19. Nd2 Nd7 20. Nc4 Nc5 21. Qa2 Ba6
22. Be2 Qe6 23. Bg4 Qe7 24. Be2 h5 25. f3 Rd7 26. Nh1 Red8 27. Nf2 Bf6 28. g3
h4 29. f4 dxc3 30. fxe5 Nxe5 31. Nxe5 Bxe5 32. Ng4 c2 33. Rd2 Bxd3 34. Bxd3
Nxd3 0-1

[Event "Open"]
[Site "Ischia ITA"]
[Date "1994.??.??"]
[Round "?"]
[White "Murgia, Andrea"]
[Black "Ortega, Lexy"]
[Result "0-1"]
[WhiteElo "2230"]
[BlackElo "2440"]
[PlyCount "58"]
[EventDate "1994.??.??"]

1. e4 c5 2. c3 e6 3. d4 d5 4. e5 Ne7 5. Na3 Nec6 6. Nc2 Nd7 7. Nf3 f6 8. exf6
Nxf6 9. g3 Bd6 10. Bg2 cxd4 11. cxd4 O-O 12. O-O Bd7 13. b3 Ne4 14. Bb2 Qb6 15.
Nh4 Nf6 16. Kh1 a5 17. Ne3 a4 18. Rb1 a3 19. Ba1 Nb4 20. f4 Bb5 21. Rf2 Bd3 22.
Rc1 Ne4 23. Bxe4 Bxe4+ 24. Kg1 Nd3 25. Rfc2 Nxc1 26. Rxc1 Rac8 27. Nhg2 Qb5 28.
Ne1 Rxc1 29. Qxc1 Qe2 0-1

[Event "Open"]
[Site "Ischia ITA"]
[Date "1994.??.??"]
[Round "?"]
[White "Murgia, Andrea"]
[Black "Viaggi, Giovanni"]
[Result "1/2-1/2"]
[WhiteElo "2230"]
[BlackElo "1995"]
[PlyCount "31"]
[EventDate "1994.??.??"]

1. e4 e5 2. Nf3 Nc6 3. Bb5 a6 4. Ba4 Nf6 5. O-O Be7 6. Re1 b5 7. Bb3 O-O 8. h3
d6 9. c3 Be6 10. Bxe6 fxe6 11. d4 exd4 12. cxd4 d5 13. Nc3 Bb4 14. e5 Bxc3 15.
bxc3 Ne4 16. Qd3 1/2-1/2

[Event "Open"]
[Site "Ischia ITA"]
[Date "1994.??.??"]
[Round "?"]
[White "Nagrocka, Ewa"]
[Black "Catracchia, Mauro"]
[WhiteElo "2140"]
[BlackElo "1925"]
[Result "1-0"]
[PlyCount "87"]
[EventDate "1994.??.??"]

1. d4 f5 2. Nf3 Nf6 3. Bg5 e6 4. e3 Be7 5. Nbd2 O-O 6. Bd3 d5 7. O-O Ne4 8.
Bxe7 Qxe7 9. Ne5 Nd7 10. Nxd7 Bxd7 11. Nf3 c5 12. c3 Rac8 13. Qe2 Be8 14. Ne5
Qh4 15. f3 Ng5 16. g3 Qh6 17. h4 Nf7 18. Nxf7 Bxf7 19. Qf2 Bh5 20. Rae1 g5 21.
hxg5 Qxg5 22. f4 Qg6 23. Qh2 Rf7 24. Kf2 Rg7 25. Rh1 Bg4 26. Qh4 c4 27. Be2 Rf8
28. Bxg4 fxg4 29. e4 dxe4 30. Re3 Qf5 31. Rhe1 Qa5 32. a3 Rf5 33. Qh1 Qb5 34.
R1e2 e5 35. dxe5 Qxe5 36. Qxe4 Qc5 37. Kg2 Rf8 38. Qe6+ Kh8 39. Rd2 Qh5 40.
Qxc4 Qh3+ 41. Kg1 Qh6 42. Qd4 Qg6 43. Re7 Qb1+ 44. Kg2 1-0

[Event "Open"]
[Site "Ischia ITA"]
[Date "1994.??.??"]
[Round "?"]
[White "Nagrocka, Ewa"]
[Black "Ciampi, Vincenzo"]
[Result "1-0"]
[WhiteElo "2140"]
[BlackElo "2180"]
[PlyCount "70"]
[EventDate "1994.??.??"]

1. d4 Nf6 2. Nf3 g6 3. Bg5 Bg7 4. c3 d5 5. Nbd2 Nbd7 6. e3 b6 7. Bd3 Bb7 8. Qc2
c5 9. Bxf6 Bxf6 10. Bb5 O-O 11. h4 a6 12. Bxd7 Qxd7 13. h5 Rac8 14. hxg6 fxg6
15. O-O-O c4 16. Rh3 Qf5 17. Qxf5 gxf5 18. Rdh1 Rf7 19. Ne5 Bxe5 20. dxe5 Rg7
21. Nf3 d4 22. exd4 Rxg2 23. Rxh7 Rg7 24. Rh8+ Kf7 25. e6+ Kxe6 26. Re1+ Kf6
27. Rh6+ Rg6 28. Re6+ Kxe6 29. Rxg6+ Kd7 30. Ne5+ Kc7 31. Nxc4 b5 32. Ne5 Rh8
33. Kd2 Rh1 34. Nd3 a5 35. Re6 Bc6 1-0

[Event "Open"]
[Site "Ischia ITA"]
[Date "1994.??.??"]
[Round "?"]
[White "Nagrocka, Ewa"]
[Black "Gabriel, Christian"]
[Result "0-1"]
[WhiteElo "2140"]
[BlackElo "2530"]
[PlyCount "72"]
[EventDate "1994.??.??"]

1. d4 Nf6 2. Nf3 d5 3. Bg5 c5 4. Bxf6 gxf6 5. Nc3 Nc6 6. e3 cxd4 7. exd4 Bg4 8.
Be2 e6 9. a3 Bxf3 10. Bxf3 Qb6 11. O-O Qxd4 12. Bxd5 exd5 13. Re1+ Be7 14. Qh5
Rg8 15. Nxd5 Rg5 16. Nxe7 Nxe7 17. Qxh7 f5 18. Rad1 Qg4 19. g3 Qh5 20. Qxh5
Rxh5 21. Rd3 Rd8 22. Rde3 Rd7 23. Re5 Kf8 24. f4 Rh6 25. R1e2 Re6 26. Rxe6 fxe6
27. Rxe6 Rd2 28. h4 Rxc2 29. h5 Kf7 30. Re5 Rxb2 31. h6 Rb6 32. Rc5 Rxh6 33.
Rc7 Rb6 34. Kf2 Kf6 35. Ke2 Rb3 36. a4 Nd5 0-1

[Event "Open"]
[Site "Ischia ITA"]
[Date "1994.??.??"]
[Round "?"]
[White "Nicevski, Dejan"]
[Black "Meduna, Eduard"]
[Result "1/2-1/2"]
[WhiteElo "2255"]
[BlackElo "2450"]
[PlyCount "61"]
[EventDate "1994.??.??"]

1. e4 c6 2. d4 d5 3. Nd2 dxe4 4. Nxe4 Nd7 5. Bd3 Ngf6 6. Ng5 e6 7. N1f3 Bd6 8.
Qe2 h6 9. Ne4 Nxe4 10. Qxe4 Nf6 11. Qe2 b6 12. Bd2 Bb7 13. O-O-O Qc7 14. Rhe1
Bf4 15. Ne5 Bxd2+ 16. Rxd2 O-O-O 17. Ba6 Rhe8 18. Bxb7+ Kxb7 19. Qf3 Nd7 20.
Rd3 Nxe5 21. dxe5 Rxd3 22. Qxd3 Rd8 23. Qe2 Rd5 24. g3 g5 25. h3 b5 26. c3 a5
27. Qe3 Qd8 28. Qf3 Qc7 29. Qe3 Qd7 30. Qe2 Qc7 31. Qe3 1/2-1/2

[Event "Open"]
[Site "Ischia ITA"]
[Date "1994.??.??"]
[Round "?"]
[White "Ortega, Lexy"]
[Black "Maiwald, Jens-Uwe"]
[Result "0-1"]
[WhiteElo "2440"]
[BlackElo "2490"]
[PlyCount "90"]
[EventDate "1994.??.??"]

1. d4 Nf6 2. Nf3 g6 3. c4 Bg7 4. g3 O-O 5. Bg2 d6 6. O-O a6 7. Nc3 Nc6 8. h3
Rb8 9. Be3 b5 10. cxb5 axb5 11. Rc1 Bd7 12. Nd2 e6 13. Nde4 Nxe4 14. Nxe4 Ne7
15. f4 f5 16. Nd2 c6 17. Bf2 Qa5 18. a3 Qa7 19. e3 Rfc8 20. Rc2 Qa4 21. Kh2 Be8
22. Qc1 Rd8 23. Rd1 e5 24. Nb1 e4 25. g4 Bf6 26. Nc3 Qb3 27. Bf1 Bf7 28. Nb1
Qa4 29. g5 Bg7 30. Nd2 Rbc8 31. Be2 Qa5 32. h4 c5 33. dxc5 dxc5 34. Be1 Qb6 35.
a4 Nd5 36. Bxb5 Nxe3 37. Nc4 Nxc4 38. Rxd8+ Rxd8 39. Bxc4 Bxc4 40. Rxc4 Bxb2
41. Qc2 Bd4 42. Kg3 Rb8 43. Bb4 cxb4 44. Rc7 Qe6 45. Rc6 b3 0-1

[Event "Open"]
[Site "Ischia ITA"]
[Date "1994.??.??"]
[Round "?"]
[White "Ortega, Lexy"]
[Black "Sadlikova, Vera"]
[Result "1/2-1/2"]
[WhiteElo "2440"]
[BlackElo "2120"]
[PlyCount "76"]
[EventDate "1994.??.??"]

1. d4 Nf6 2. Nf3 c5 3. e3 e6 4. c4 d5 5. Nc3 Nc6 6. a3 dxc4 7. Bxc4 a6 8. O-O
b5 9. Ba2 Bb7 10. d5 exd5 11. Nxd5 Nxd5 12. Bxd5 Qc7 13. a4 Nb4 14. Bxb7 Qxb7
15. axb5 axb5 16. Rxa8+ Qxa8 17. Bd2 Nd5 18. e4 Nf6 19. Qe2 c4 20. Ng5 Be7 21.
e5 Nd5 22. e6 Bxg5 23. Bxg5 O-O 24. Rd1 h6 25. Bc1 Re8 26. exf7+ Kxf7 27. Qh5+
Kf8 28. h3 Rd8 29. Qf5+ Nf6 30. Rxd8+ Qxd8 31. Bf4 Qd1+ 32. Kh2 Qd5 33. Be5 Kf7
34. Qf4 Qe4 35. Kg3 Qg6+ 36. Kh2 Qe4 37. Kg3 Qg6+ 38. Kh2 Qe4 1/2-1/2

[Event "Open"]
[Site "Ischia ITA"]
[Date "1994.??.??"]
[Round "?"]
[White "Ortega, Lexy"]
[Black "Samaritani, Fabio"]
[Result "1-0"]
[WhiteElo "2440"]
[BlackElo "2265"]
[PlyCount "91"]
[EventDate "1994.??.??"]

1. d4 Nf6 2. c4 c5 3. Nf3 cxd4 4. Nxd4 e5 5. Nb5 d5 6. cxd5 Bc5 7. e3 O-O 8.
N5c3 Bf5 9. a3 e4 10. Nd2 Nbd7 11. b4 Bd6 12. Nc4 Ne5 13. Nxd6 Qxd6 14. Bb2 a6
15. Qd4 Rfe8 16. h3 Rac8 17. Be2 Nd3+ 18. Bxd3 exd3 19. O-O b5 20. Qf4 Qd7 21.
f3 Bg6 22. e4 Qa7+ 23. Rf2 Nd7 24. Rd1 Ne5 25. Kf1 Nc4 26. Rxd3 a5 27. d6 Red8
28. Nxb5 Qa6 29. a4 axb4 30. d7 Rc6 31. Qb8 Qa5 32. Nd4 Rd6 33. Qc8 Nxb2 34.
Nb3 Nxd3 35. Nxa5 R6xd7 36. Qc4 Rd4 37. Qb5 Nxf2 38. Kxf2 Rd2+ 39. Kg3 h5 40.
Nc6 R8d6 41. Qxb4 Kh7 42. h4 f5 43. e5 f4+ 44. Qxf4 R6d5 45. Ne7 R5d4 46. Qg5
1-0